Movies Quiz

Random Movies or Disney Quiz
Score 0/20 Timer 05:00
11 Plays Today
% Correct
Yours.
92.7%
I will have the power to get rid of you.
92.3%
Feed yourselves.
90.6%
She really means not ever.
89.1%
A fat ol' - hop toad.
88.7%
You are!
88.5%
Wicked wiles!
87.6%
A little lizard to help me?
87.1%
Oh look, you're here too.
85.5%
Little fool!
84.5%
% Correct
You're nothing but a sister!
81.5%
One's entire vocabulary in a single sentence?
80%
We were afraid it was somebody important.
79.3%
People like you!
78%
You shouldn't talk.
77.2%
Stupid furball!
74.5%
My dependence on you.
69.7%
Your emotional constipation!
67.1%
Their kind of civilized society!
65.3%
Your butt is crushing me!
56.8%
Remove Ads.
Support Sporcle.
Get the best of Sporcle when you Go Orange. This ad-free experience offers more features, more stats, and more fun while also helping to support Sporcle. Thank you for becoming a member.

You're not logged in!

Compare scores with friends on all Sporcle quizzes.
OR
Log In

Show Comments

Extras

Top Quizzes Today


Score Distribution

Your Account Isn't Verified!

In order to create a playlist on Sporcle, you need to verify the email address you used during registration. Go to your Sporcle Settings to finish the process.

Report this User

Report this user for behavior that violates our Community Guidelines.

Details: